000 01182cad a22001935a 4500
001 L153983
008 110928s2011 xxk f 000 0 eng d
035 _a(Sirsi) u153983
041 0 _aeng
110 2 _aEngland and Wales
_bEnvironment Agency
_92469
245 0 0 _aConsultation on our charges for 2012 to 2015
_h[electronic resource]
260 _aEnvironment Agency
_c2011
520 _aConsultation covers the charging proposals for Environment Permitting, abstraction and Emissions Trading charging schemes from 2012-2015. Proposes that there is no change to the rate of charges for the majority of charge payers for two years with a check at the end of the first year, a small number of technical changes that are largely beneficial to industry and a small increase in charges in year 3. The consultation is open from 28 September to 21 December 2011.
590 _aKA
651 4 _aEngland and Wales
_y1543-
690 _aENVIRONMENTAL AND LAND CONSULTANCY-ENVIRONMENTAL MANAGEMENT
856 4 0 _uhttps://consult.environment-agency.gov.uk/portal/ho/finance/charges2012?pointId=1316092694354
_zView the item free of charge at consult.environment-agency.gov.uk
942 _n0
999 _c112793
_d112793